Technologie für Transport, Umschlag und Lagerung im Betrieb
Na minha lista:
| Autor principal: | |
|---|---|
| Outros Autores: | , |
| Formato: | Livro |
| Idioma: | alemão |
| Publicado em: |
Berlin
Verlagtechnik
1986
|
| Edição: | 2. bearb. Aufl. |
| Tags: |
Sem tags, seja o primeiro a adicionar uma tag!
|
MARC
| LEADER | 00000nam a2200000 4500 | ||
|---|---|---|---|
| 001 | c036298 | ||
| 005 | 20221220073022.7 | ||
| 041 | 0 | |a ger | |
| 044 | |a DE | ||
| 245 | 1 | 0 | |a Technologie für Transport, Umschlag und Lagerung im Betrieb |c Gerhard Grossmann, Horst Krampe, Dietrich Ziems |
| 250 | |a 2. bearb. Aufl. | ||
| 264 | 1 | |a Berlin |b Verlagtechnik |c 1986 | |
| 300 | |a 344 s. | ||
| 100 | 1 | |a Grossmann, Gerhard | |
| 700 | 1 | |a Krampe, Horst | |
| 700 | 1 | |a Ziems, Dietrich | |